000
00243nam a2200097Ia 4500
008
240331s9999 xx 000 0 und d
082
_b
CHA
100
_a
Chalaby, Abbas
245
0
_a
All of Egypt :
_b
from Cairo to Abu Simbel and SIinai
942
_c
L
999
_c
3481
_d
3481